000 00699nam a22001817a 4500
003 OSt
005 20251007122539.0
008 251007b |||||||| |||| 00| 0 eng d
040 _c0
082 _aDPer 370.15 J826 January-February 2021 v. 113 n. 1-2
100 _aKendeou, Panayiota.
_eauthor.
_968604
245 _aEnhancing research excellence through diversity and transparency /
_cPanayiota Kendeou.
260 _aWashington, DC ;
_bAmerican Psychological Association ,
_cJanuary 2021.
300 _aVolume 113, pages 1-2 ;
_c28 cm.
500 _aJournal of Educational Psychology, vol. 113, no. 1, pages 1-2, January 2021.
700 _aKendeou, Panayiota.
_eauthor.
_948564
942 _2ddc
_cPER
999 _c24005
_d24005